000 00221nam a22000857a 4500
008 170527b xxu||||| |||| 00| 0 eng d
100 _93141
_ak. Payer
245 _aLads Before the Wind
260 _aNew York
_bHarpers & Row
_c1975
999 _c6432
_d6432